|
|
|
|
| LEADER |
00000nab a2200000 a 4500 |
| 001 |
vtls010504584 |
| 003 |
SK-MaSNL |
| 005 |
20260305033118.0 |
| 008 |
171110c2013 xo wr 0 0slo |
| 038 |
|
|
|a SLLK
|
| 040 |
|
|
|a SLLK
|b slo
|c sllk
|e AACR2
|
| 041 |
|
|
|a slo
|
| 044 |
|
|
|a xo
|c SK
|
| 080 |
|
|
|a 796.92
|2 2001
|
| 245 |
0 |
0 |
|a Kamienska klasika pre Kormaníka
|c [autor] (mv)
|
| 611 |
2 |
7 |
|a Beh víťazstva
|n (0. :
|d 2013 :
|c Kamienka, Slovensko)
|2 SLLK
|9 1613238
|
| 648 |
|
7 |
|a 2013
|2 snkbucl
|9 324251
|
| 650 |
0 |
7 |
|a šport
|2 snkbucl
|9 1042
|
| 650 |
0 |
7 |
|a beh na lyžiach
|2 SLLK
|9 3259
|
| 651 |
|
7 |
|a Kamienka (Stará Ľubovňa, Slovensko)
|2 SLLK
|9 163381
|
| 651 |
|
7 |
|a Stará Ľubovňa (Slovensko : okres)
|2 SLLK
|9 19196
|
| 773 |
0 |
|
|t Ľubovnianske noviny
|g Roč. XXXVIII, č. 8 (2013), s. 8
|x 1338-0346
|
| 852 |
|
|
|a SLLK
|b KIS3GCP
|
| 999 |
|
|
|c 3322921
|d 3324851
|